MARC

LEADER 00000nam0a2200000 4500
001 252988
005 20231101232812.0
035 |a (RuTPU)RU\TPU\book\275367 
090 |a 252988 
100 |a 20140311d1962 km y0rusy50 ca 
101 0 |a rus 
102 |a RU 
105 |a a z 001zy 
200 1 |a Автоматизация вычислительных работ  |f А. А. Колывагин 
210 |a Москва  |c Машгиз  |d 1962 
215 |a 504 с.  |c черт. 
320 |a Библиогр.: с. 504. 
606 1 |a Вычисления на вычислительных машинах  |x (вычислительная техника)  |2 stltpush  |3 (RuTPU)RU\TPU\subj\65937  |9 82260 
606 1 |a Вычисления на вычислительных машинах  |x (математика)  |2 stltpush  |3 (RuTPU)RU\TPU\subj\4018  |9 32334 
610 1 |a (α, n)-реакции 
610 1 |a численные методы 
610 1 |a технические задачи 
610 1 |a программирование 
610 1 |a электронные вычислительные машины 
610 1 |a программы 
610 1 |a таблицы 
675 |a 681.3.004  |v 3 
675 |a 519.6  |v 3 
700 1 |a Колывагин  |b А. А.  |g Александр Алексеевич 
801 1 |a RU  |b 63413507  |c 20140311 
801 2 |a RU  |b 63413507  |c 20170621  |g RCR 
942 |c BK